Report of the Rationalisation Committee on the Inspectorate System (Record no. 489361)

000 -LEADER
fixed length control field 00453cam a22001337a 4500
008 - FIXED-LENGTH DATA ELEMENTS--GENERAL INFORMATION
fixed length control field 180718b1966 xxu||||| |||| 00| 0 eng d
082 ## - DEWEY DECIMAL CLASSIFICATION NUMBER
Classification number L2011x5433 P696
100 ## - MAIN ENTRY--PERSONAL NAME
Personal name Punjab. Rationalisation Committee on the Inspectorate System
245 ## - TITLE STATEMENT
Title Report of the Rationalisation Committee on the Inspectorate System
260 ## - PUBLICATION, DISTRIBUTION, ETC.
Place of publication, distribution, etc. Chandigarh
Name of publisher, distributor, etc. The author
Date of publication, distribution, etc. 1966
300 ## - PHYSICAL DESCRIPTION
Extent 100+p.
500 ## - GENERAL NOTE
General note Chairman: S. Kapur Singh
700 ## - ADDED ENTRY--PERSONAL NAME
Personal name Singh, S. Kapur (Chairman)
Holdings
Withdrawn status Lost status Damaged status Not for loan Permanent Location Current Location Date acquired Full call number Barcode Date last seen Price effective from Koha item type
        Indian Institute of Public Administration Indian Institute of Public Administration 2018-08-04 L2011x5433 P696 GG4691 2018-08-04 2018-08-04 GG

Powered by Koha